| 000 | 00698nam a2200121Ia 4500 | ||
|---|---|---|---|
| 008 | 220615s9999||||xx |||||||||||||| ||und|| | ||
| 100 | _aBurroughs, Nathan||Gardner, Jacqueline||Lee, Youngjun||Guo, Siwen||Touitou, Israel||Jansen, Kimberly||Schmidt, William | ||
| 245 | 0 |
_aTeaching for Excellence and Equity _bAnalyzing Teacher Characteristics, Behaviors and Student Outcomes with TIMSS |
|
| 546 | _aEnglish[eng] | ||
| 650 | _aEducation||Assessment||International education ||Comparative education||Teaching||Educational policy||Education and state||Educational sociology ||Education and sociology | ||
| 856 | _uhttps://library.oapen.org/bitstream/20.500.12657/22957/1/1007203.pdf | ||
| 942 | _cEB | ||
| 999 |
_c15340 _d15340 |
||